Tilastot visalle Yhdysvaltoja lähimpänä olevat valtiot

Klikkaa tästä pelataksesi tätä visaa!

Yleistilastot

  • Tätä visaa on pelattu 837 kertaa
  • Keskiarvotulos 17 / 22

Vastaustilastot

EtäisyysValtio% Oikein
0 miKanada
100%
0 miMeksiko
100%
93 miKuuba
93%
579 miHaiti
86%
471 miJamaika
85%
1044 miPanama
84%
2 miVenäjä
84%
665 miDominikaaninen
tasavalta
81%
608 miHonduras
81%
53 miBahama
80%
953 miCosta Rica
78%
844 miEl Salvador
78%
1053 miKolumbia
78%
653 miGuatemala
77%
671 miNicaragua
77%
1121 miVenezuela
76%
578 miBelize
75%
1366 miJapani
66%
1248 miSaint Kitts ja Nevis
61%
1311 miAntigua ja Barbuda
60%
1342 miRanska (Guadeloupe)
44%
1035 miKiribati
35%

Tulosjakauma

Persentiili vastausten määrän mukaan

Jokaisen tuloksen saaneiden osuus

Tuloshistoriasi

Et ole pelannut tätä visaa